| 000 | 00652nas a2200241 4500 | ||
|---|---|---|---|
| 001 | BR9603847 | ||
| 003 | BR-BrBNA | ||
| 005 | 20231205094838.0 | ||
| 007 | ta | ||
| 008 | 230509b bl.|||p| |||| 00| 00por d | ||
| 040 |
_aBR-BrBNA _bpor _cBiblioteca Nacional de Agricultura |
||
| 041 | _a(Pt) | ||
| 072 | _aE70 | ||
| 100 | 1 | _aNunes, J. | |
| 100 | 1 | _aRego, P.G. | |
| 245 | 1 | _aAspectos economicos da cultura do pepino | |
| 650 | _aPepino | ||
| 650 | _aMercado | ||
| 650 | _aCusto de Producao | ||
| 773 | 0 |
_tRevista Batavo (Brazil) _x _g(Oct 1992), v. 1(12) p. 20-21 _wBR9603847 |
|
| 909 |
_a202311 _bLúcia _c55 _dLúcia Elande |
||
| 942 |
_2AGRIS _n0 _cANA |
||
| 999 |
_c147276 _d147276 |
||